Statystyki dla Zagraniczni żużlowcy występujący w klubie z Piły

Kliknij tutaj aby rozwiązać quiz!

Ogólne statystyki

  • Ten quiz został rozwiązany 74 razy
  • Średni wynik to 22 z 64

Statystyki odpowiedzi

NarodowośćLata startówOdpowiedź% Poprawnych
Dania1994-99Hans Nielsen
92%
Finlandia1999-2000Kai Laukkanen
69%
Dania1999-2000, 2014-15Jesper Monberg
65%
Dania2014-15, 2019Rasmus Jensen
65%
Dania2004, 2013-14Steen Jensen
65%
Dania2016Bjarne Pedersen
62%
Rosja2009-10, 2013Aleksiej Charczenko
54%
Rosja1992-93Grigorij Charczenko
54%
Szwecja1995Mikael Max
54%
Szwecja2018-19Thomas Jonasson
54%
Szwecja1994, 1996Jimmy Nilsen
50%
Dania1992-93Lars Henrik Joergensen
50%
Szwecja1996-97, 2001Peter Karlsson
50%
Dania2018Thomas Joergensen
50%
Wielka Brytania1999-2000Andy Smith
46%
Niemcy2018Erik Riss
46%
Australia2002Jason Crump
46%
Niemcy2011-12, 2019Max Dilger
46%
Łotwa2010-11Andriej Korolew
42%
Australia2001Craig Boyce
42%
Wielka Brytania2001-03Gary Havelock
42%
Australia2011Jason Doyle
42%
Finlandia2009Kauko Nieminen
42%
Wielka Brytania1999Lee Richardson
42%
Rosja2016-17Wadim Tarasienko
42%
Czechy1993-94Vaclav Milik
38%
Wielka Brytania2000-01Chris Louis
35%
Australia2003Jason Lyons
35%
Wielka Brytania2003Joe Screen
35%
Rosja2018Pawel Laguta
35%
Wielka Brytania2002Carl Stonehewer
31%
Szwecja1992Peter Nahlin
31%
Niemcy1998Robert Kessler
31%
Wielka Brytania2010Simon Stead
31%
Niemcy2009Thomas Stange
31%
Dania2018-19Andreas Lyager
27%
Australia2013Josh Grajczonek
27%
Szwecja1998Stefan Andersson
27%
Dania2000Brian Karger
23%
Australia2013Dakota North
23%
Wielka Brytania2015Daniel King
23%
Dania2019Jonas Jeppesen
23%
Niemcy2006, 2009Roberto Haupt
23%
Niemcy2019Sindy Weber
23%
Wielka Brytania2014Ben Barker
19%
Australia2016-17Brady Kurtz
19%
Australia2009Cory Gathercole
19%
Szwecja2005David Ruud
19%
Czechy2006Jakub Hejral
19%
Wielka Brytania2016Kyle Newman
19%
Szwecja2019Philip Hellstroem-Bangs
19%
Niemcy2012Steven Mauer
19%
Szwecja2005-06Tobias Johansson
19%
Rosja2014Władimir Borodulin
19%
Rosja2011Danił Iwanow
15%
Czechy2011Hynek Stichauer
15%
Dania2013Nikolaj Busk Jakobsen
15%
Dania2009Peter Kildemand
15%
Szwecja2018Pontus Aspgren
15%
Dania2015Rene Bach
15%
Rosja2009Wiaczesław Kazaczuk
15%
Rosja2013-14Witalij Biełousow
15%
Dania2009Henning Bager
12%
Niemcy2009Steffen Mell
8%

Rozkład punktacji

Percentyl według liczby udzielonych odpowiedzi

Procent ludzi z każdym wynikiem

Twoja historia wyników

Nie rozwiązałeś tego quizu